Culture Générale - Série 1819 - Statistiques

Statistiques générales
  • Ce quiz a été pris 247 fois
  • Le résultat moyen est 7 sur 10
Statistiques - réponses
Question Réponse % Correct
Qui a écrit « les Fleurs du mal » ? Charles Baudelaire
92%
En quelle année débuta le premier septennat de François Mitterrand ? 1981
91%
Complétez la phrase suivante avec le verbe cueillir : « Les fleurs que nous avons… » cueillies
91%
Dans quel art s'est illustré Rudolf Noureïev ? danse
78%
Comment appelle-t-on le pain grec ? pita
70%
Quelle ville a été victime d'un attentat lors du marathon du 15 avril 2013 ? Boston
68%
Qui a peint « la Liberté guidant le peuple » ? Eugène Delacroix
68%
En France, le ministère de l'Intérieur est situé : Place .... Beauvau
59%
Quelle est l’unité monétaire chinoise ? yuan
57%
De quelle célèbre entreprise Richard Branson est-il le fondateur? Virgin
34%
Aucun quiz correspondant
Distribution des résultats
% des personnes avec chaque résultat
Percentile par nombre de réponses
Votre historique - résultats
Vous n’avez pas pris ce quiz